Statistics for Cities by Clue

Click here to take the quiz!

General Stats

  • This quiz has been taken 1,087 times
    (845 since last reset)
  • The average score is 18 of 28

Answer Stats

Clue City % Correct
Golden Gate BridgeSan Francisco
94%
Red SquareMoscow
91%
Champs-ÉlyséesParis
89%
ConstantinopleIstanbul
86%
Brandenburg GateBerlin
86%
Forbidden CityBeijing
85%
Rockerfeller CenterNew York
78%
The UndergroundLondon
78%
CN TowerToronto
76%
HarvardBoston
75%
Space NeedleSeattle
73%
South BeachMiami
72%
The Noble Peace PrizeOslo
72%
Atomic BombHiroshima
71%
The StripLas Vegas
69%
Petronas TowerKuala Lumpur
68%
St Mark's SquareVenice
63%
Taj MahalAgra
61%
The HajjMecca
58%
Harbour BridgeSydney
56%
Tahrir SquareCairo
55%
GuggenheimBilbao
55%
The Great SphynxGiza
53%
Sugarloaf MountainRio de Janeiro
44%
The HermitageSt Petersburg
43%
The Raffles HotelSingapore
34%
Victoria HarbourHong Kong
28%
The Golden TempleAmritsar
10%

Score Distribution

Percentile by Number Answered

Percent of People with Each Score

Your Score History

You have not taken this quiz since the last reset